| Tag |
First Indicator |
Second Indicator |
Subfields |
| LEADER |
00000cam a2200000Ia 4500 |
| 001 |
in00002191021 |
| 005 |
20151104064133.0 |
| 008 |
920323s1991 enka 000 0 eng d |
| 035 |
|
|
|a (OCoLC)ocm25514879
|
| 040 |
|
|
|a NSL
|c NSL
|d TXA
|d UtOrBLW
|
| 049 |
|
|
|a TXAM
|
| 090 |
|
|
|a GC1
|b .I568 no.288
|
| 100 |
1 |
|
|a Yelland, M. J.
|
| 245 |
1 |
0 |
|a Evaluation of a Solent Sonic anemometer on RRS Charles Darwin cruise 43 /
|c M.J. Yelland [and others].
|
| 264 |
|
1 |
|a Wormley, Surrey :
|b Institute of Oceanographic Sciences Deacon Laboratory,
|c 1991.
|
| 300 |
|
|
|a 55 pages :
|b illustrations ;
|c 30 cm.
|
| 336 |
|
|
|a text
|b txt
|2 rdacontent
|
| 337 |
|
|
|a unmediated
|b n
|2 rdamedia
|
| 338 |
|
|
|a volume
|b nc
|2 rdacarrier
|
| 490 |
1 |
|
|a Report / Institute of Oceanographic Sciences Deacon Laboratory ;
|v no. 288
|
| 500 |
|
|
|a "Also known as the Gill Sonic Anemometer....The Solent Sonic supplied was a prototype model differing in some respects to the present production version."--Intro., page 7.
|
| 504 |
|
|
|a Includes bibliographical references (pages 29-30).
|
| 650 |
|
0 |
|a Anemometer.
|
| 650 |
|
0 |
|a Winds
|x Speed
|x Measurement.
|
| 710 |
2 |
|
|a Institute of Oceanographic Sciences Deacon Laboratory (Great Britain)
|
| 830 |
|
0 |
|a Report (Institute of Oceanographic Sciences Deacon Laboratory (Great Britain)) ;
|v no. 288.
|
| 994 |
|
|
|a C0
|b TXA
|
| 948 |
|
|
|a cataloged
|b h
|c 2006/8/21
|d c
|e jlanham
|f 11:09:35 am
|
| 999 |
|
|
|a MARS
|
| 999 |
f |
f |
|s 3c7eafdd-7a6c-37b1-9a0e-c13847256d8c
|i 84137941-5b59-3570-a74e-65d723c893f6
|t 0
|
| 952 |
f |
f |
|p ric
|a Texas A&M University
|b Rellis Campus
|c Joint Library Facility
|d Remote Storage
|t 0
|e GC1 .I568 no.288
|h Library of Congress classification
|i unmediated -- volume
|m A14834705689
|
| 998 |
f |
f |
|a GC1 .I568 no.288
|t 0
|l Remote Storage
|